<?xml version="1.0" encoding="UTF-8"?><?xml-stylesheet type="text/xsl" href="static/style.xsl"?><OAI-PMH xmlns="http://www.openarchives.org/OAI/2.0/" xmlns:xsi="http://www.w3.org/2001/XMLSchema-instance" xsi:schemaLocation="http://www.openarchives.org/OAI/2.0/ http://www.openarchives.org/OAI/2.0/OAI-PMH.xsd"><responseDate>2026-04-14T07:57:12Z</responseDate><request verb="GetRecord" identifier="oai:www.recercat.cat:10256/16814" metadataPrefix="marc">https://recercat.cat/oai/request</request><GetRecord><record><header><identifier>oai:recercat.cat:10256/16814</identifier><datestamp>2024-05-22T11:20:41Z</datestamp><setSpec>com_2072_452966</setSpec><setSpec>com_2072_2054</setSpec><setSpec>col_2072_452968</setSpec></header><metadata><record xmlns="http://www.loc.gov/MARC21/slim" xmlns:dcterms="http://purl.org/dc/terms/" xmlns:xsi="http://www.w3.org/2001/XMLSchema-instance" xmlns:doc="http://www.lyncode.com/xoai" xsi:schemaLocation="http://www.loc.gov/MARC21/slim http://www.loc.gov/standards/marcxml/schema/MARC21slim.xsd">
   <leader>00925njm 22002777a 4500</leader>
   <datafield ind2=" " ind1=" " tag="042">
      <subfield code="a">dc</subfield>
   </datafield>
   <datafield ind2=" " ind1=" " tag="720">
      <subfield code="a">Caner Faig, Carla</subfield>
      <subfield code="e">author</subfield>
   </datafield>
   <datafield ind2=" " ind1=" " tag="260">
      <subfield code="c">2019-05-31</subfield>
   </datafield>
   <datafield ind2=" " ind1=" " tag="520">
      <subfield code="a">Aquest treball tractarà la versió de l’obra de 1818 de Mary Shelley, «Frankenstein o el modern prometeu», per tractar la part més oculta d’aquesta que és la que més gent desconeix. Això es farà a través de les lectures de llibres com el de Beatriz González, Isabel Burdiel o Elisabeth Russell. També s’intentarà explicar la immortalitat del relat de Shelley amb l’arribada d’aquest al cinema. Per això es tractaran films del segle XX i XXI com ho són: «Remando al viento» de Gonzalo Suárez, «The Bride of Frankenstein» i «Frankenstein» de James Whale, «El espíritu de la colmena» de Víctor Erice i finalment «Mary Shelley» de Haifaa Al-Mansour</subfield>
   </datafield>
   <datafield ind1="8" ind2=" " tag="024">
      <subfield code="a">http://hdl.handle.net/10256/16814</subfield>
   </datafield>
   <datafield tag="653" ind2=" " ind1=" ">
      <subfield code="a">Frankenstein, Victor (Personatge de ficció)</subfield>
   </datafield>
   <datafield tag="653" ind2=" " ind1=" ">
      <subfield code="a">Frankenstein, Monstre de (Personatge de ficció)</subfield>
   </datafield>
   <datafield tag="653" ind2=" " ind1=" ">
      <subfield code="a">Cinema de Frankenstein</subfield>
   </datafield>
   <datafield tag="653" ind2=" " ind1=" ">
      <subfield code="a">Frankenstein, Victor (Fictitious character)</subfield>
   </datafield>
   <datafield tag="653" ind2=" " ind1=" ">
      <subfield code="a">Frankenstein’s monster (Fictitious character)</subfield>
   </datafield>
   <datafield tag="653" ind2=" " ind1=" ">
      <subfield code="a">Frankenstein films</subfield>
   </datafield>
   <datafield ind2="0" ind1="0" tag="245">
      <subfield code="a">Mary Wollstonecraft Shelley i Frankenstein: la història que mai mor</subfield>
   </datafield>
</record></metadata></record></GetRecord></OAI-PMH>